Statistics for Fatal Aviation Accidents and Incidents Involving Boeing 747's

Click here to take the quiz!

General Stats

  • This quiz has been taken 104 times
  • The average score is 8 of 34

Answer Stats

DatePlaceFatalitiesEvent% Correct
21 December 1988Lockerbie, Scotland, UK270Pan American World Airways flight 103
63%
12 August 1985Gunma, Japan520Japan Air Lines flight 123
62%
1 September 1983Pacific Ocean (off Sakhalinsk, USSR)269Korean Air Lines flight 007
55%
27 March 1977Tenerife, Canary Islands, Spain583Tenerife Airport Disaster
51%
17 July 1996Atlantic Ocean (off New York, USA)230Trans World Airlines flight 800
49%
23 July 1999near Tokyo, Japan1All Nippon Airways flight 61
44%
23 June 1985Atlantic Ocean (off Cork, Ireland)329Air India flight 182
41%
29 April 2013Bagram, Afghanistan7National Airlines flight 102
40%
25 May 2002Pacific Ocean (off Penghu Islands, Taiwan)225China Airlines flight 611
38%
6 August 1997Guam, USA228Korean Air flight 801
37%
31 October 2000Taipei, Taiwan83Singapore Airlines flight 006
36%
12 November 1996Charkhi Dadri, Haryana, India349Charkhi Dadri Mid-Air Collision
30%
5 September 1986Karachi, Pakistan20Pan American World Airways flight 73
30%
4 October 1992Amsterdam, Netherlands43El Al flight 1862
27%
24 February 1989Pacific Ocean9United Airlines flight 811
26%
28 November 1987Indian Ocean (off Mauritius)159South African Airways flight 295
23%
3 September 2010Dubai, United Arab Emirates2UPS flight 6
21%
1 January 1978Arabian Sea (off Bandra, India)213Air India flight 855
16%
27 November 1983Madrid, Spain181Avianca flight 011
15%
20 November 1974Nairobi, Kenya59Lufthansa flight 540
15%
19 February 1989Kuala Lumpur, Malaysia4Flying Tiger Line flight 66
14%
22 December 1999Essex, United Kingdom4Korean Air Cargo flight 8509
14%
28 July 2011Pacific Ocean (off Jeju, South Korea)2Asiana Airlines flight 991
11%
9 May 1976Madrid, Spain17Iranian Air Force flight 48
8%
19 November 1980Seoul, South Korea14Korean Air Lines flight 015
8%
10 December 1994Pacific Ocean (off Okinawa, Japan)1Philippine Airlines flight 434
7%
29 December 1991Wanli, Taiwan5China Airlines flight 358
5%
27 November 2001Port Harcourt, Nigeria1MK Airlines registration 9G-MKI
4%
2 July 1972Saigon, South Vietnam1Pan American World Airways flight 841
3%
7 July 2008Bogota, Colombia2Centurion Air Cargo flight 164
1%
14 October 2004Halifax, Canada7MK Airlines flight 1602
1%
28 December 1997Pacific Ocean (near Tokyo, Japan)1United Airlines flight 826
1%
4 April 1979Sydney, Australia1Pan American World Airways flight 816
0%
11 August 1982Pacific Ocean (off Hawaii, USA)1Pan American World Airways flight 830
0%

Score Distribution

Percentile by Number Answered

Percent of People with Each Score

Your Score History

You have not taken this quiz